000 00687nam a22002297a 4500
001 sjds
003 sjds
005 20230904212821.0
008 230904b |||||||| |||| 00| 0 spa d
020 _a8434818442
020 _a9788434818446
040 _csjds
041 _aspa
100 1 0 _aCanizo, Jose Antonio del
245 1 3 _aEl pintor de recuerdos /
_cJose Antonio del Canizo; Jesus Gaban (Illustrator)
246 _aEl pintor de recuerdos
260 _aMadrid :
_bJoaquin Turina,
_c1988, c1986
300 _a1 volume (unpaged) :
_b color illustrations ;
_c30 cm.
440 _aCuentos de la torre y la estrella ;
_n21
700 1 0 _aGaban, Jesus
_eIllustrator
942 _cBK
999 _c28292
_d28292